Tagorinte prabhandangal, Vol 1 / (Record no. 5252)
[ view plain ]
| 000 -LEADER | |
|---|---|
| fixed length control field | 00433cam a2200169ua 4500 |
| 041 ## - LANGUAGE CODE | |
| Language code of text/sound track or separate title | mal |
| 082 ## - DEWEY DECIMAL CLASSIFICATION NUMBER | |
| Classification number | 894.8124 |
| Item number | TAG/TA |
| 100 ## - MAIN ENTRY--AUTHOR NAME | |
| Personal name | Tagore, Ravindra Nath. |
| 245 ## - TITLE STATEMENT | |
| Title | Tagorinte prabhandangal, Vol 1 / |
| 260 ## - PUBLICATION, DISTRIBUTION, ETC. (IMPRINT) | |
| Place of publication | New Delhi : |
| Name of publisher | Sahitya Academy , |
| Year of publication | 1962. |
| 300 ## - PHYSICAL DESCRIPTION | |
| Number of Pages | 655 ; . |
| 942 ## - ADDED ENTRY ELEMENTS (KOHA) | |
| Koha item type | Books |
| Withdrawn status | Lost status | Damaged status | Home library | Current library | Date acquired | Full call number | Accession Number | Koha item type |
|---|---|---|---|---|---|---|---|---|
| Withdrawn | KAUAET | Malayalam University | 07/04/2012 | 894.8124 | 4660 | Books |
